| 000 | 00639nam a22001937a 4500 | ||
|---|---|---|---|
| 005 | 20210325175806.0 | ||
| 008 | s2524 th tha d | ||
| 041 | _atha | ||
| 050 | _aDS586 ป46ค 2524 | ||
| 100 | 0 | _aป๋วย อึ๊งภากรณ์ | |
| 245 | 1 | 0 | _aคำให้การของ ดร.ป๋วย |
| 260 | 3 |
_aกรุงเทพฯ : _bสนุกนึก, _c2524 |
|
| 300 |
_a71 หน้า : _b ภาพประกอบ |
||
| 650 | 0 | 4 | _aเหตุการณ์ 6 ตุลาคม 2519 |
| 850 | _aNALT | ||
| 942 | _cGB | ||
| 997 | _c000000000007701 | ||
| 998 | _aBENJALUCK | ||
| 999 |
_c7701 _d7701 |
||